Pojetí sociálních jistot v období přechodu k tržnímu hospodářství.
Chápanie sociálnych istôt v období prechodu k trhovej ekonomike. Odstupňovanie sociálnych istôt jednotlivca v závislosti na jeho prínose pre spoločnosť. Problematika sociálnej spravodlivosti v rozdeľovacích procesoch. Sociálna spravodlivosť ako rovnováha medzi právami a povinnosťami. Úlohy rozdeľova...
Saved in:
| Main Author: | |
|---|---|
| Format: | Book Chapter |
| Language: | Czech |
| Subjects: | |
| Tags: |
No Tags, Be the first to tag this record!
|
MARC
| LEADER | 00000naa a2200000 4500 | ||
|---|---|---|---|
| 001 | r003251 | ||
| 005 | 20220819175642.6 | ||
| 041 | 0 | |a cze | |
| 044 | |a [CS] | ||
| 245 | 1 | 0 | |a Pojetí sociálních jistot v období přechodu k tržnímu hospodářství. |c L. Průša |
| 520 | |a Chápanie sociálnych istôt v období prechodu k trhovej ekonomike. Odstupňovanie sociálnych istôt jednotlivca v závislosti na jeho prínose pre spoločnosť. Problematika sociálnej spravodlivosti v rozdeľovacích procesoch. Sociálna spravodlivosť ako rovnováha medzi právami a povinnosťami. Úlohy rozdeľovania zo sociálnych spoločenských fondov. Hlavné črty sociálnej stratégie štátu. | ||
| 610 | 2 | 0 | |a podmienky sociálne |
| 610 | 2 | 0 | |a reformy hospodárske |
| 610 | 2 | 0 | |a starostlivosť sociálna |
| 610 | 2 | 0 | |a rozdeľovanie |
| 610 | 2 | 0 | |a politika sociálna |
| 610 | 2 | 0 | |a ČSFR |
| 100 | 1 | |a Průša, Ladislav | |